00402pab a2200145 454500008004000000100001900040245009100059260000900150300001400159362000800173650001600181700002000197700001900217773002000236180718b2006 xxu||||| |||| 00| 0 eng d aGuthman, Julie aSquaring farm security and food security in two types of alternative food institutions c2006 ap.662-84. aDec aFood supply aAllen, Patricia aMorris, W. Amy aRural Sociology